Southville International School and Colleges
Your cart is empty.
  • Cart
  • Lists
    Public lists Eva Luna New books Lux_list list_1
    Your lists Log in to create your own lists
  • Log in to your account
  • Your cookies
  • Search history
Southville International School and Colleges
  • Advanced search
  • Recent comments
  • Most popular
  • Libraries

Log in to your account

Log in with GOOGLE


If you do not have an external account, but do have a local account, you can still log in:

  1. Home
  2. MARC view: Product design and development /
Normal view MARC view ISBD view

Product design and development / (Record no. 356874)

[ view plain ]
MARC details
000 -LEADER
fixed length control field 00529nam a2200217Ia 4500
008 - FIXED-LENGTH DATA ELEMENTS--GENERAL INFORMATION
fixed length control field 180523s9999 xx 000 0 und d
020 ## - INTERNATIONAL STANDARD BOOK NUMBER
International Standard Book Number 007-123273-7
050 ## - LIBRARY OF CONGRESS CALL NUMBER
Classification number MAIN HD 31
050 ## - LIBRARY OF CONGRESS CALL NUMBER
Item number .U47 2004 c.2
100 ## - MAIN ENTRY--PERSONAL NAME
Personal name Ulrich, Karl T.
245 #0 - TITLE STATEMENT
Title Product design and development /
245 #0 - TITLE STATEMENT
Statement of responsibility, etc Karl T. Ulrich.
250 ## - EDITION STATEMENT
Edition statement 3rd Edition
260 ## - PUBLICATION, DISTRIBUTION, ETC. (IMPRINT)
Place of publication, distribution, etc New York :
260 ## - PUBLICATION, DISTRIBUTION, ETC. (IMPRINT)
Name of publisher, distributor, etc McGraw-Hill,
260 ## - PUBLICATION, DISTRIBUTION, ETC. (IMPRINT)
Date of publication, distribution, etc 2004
300 ## - PHYSICAL DESCRIPTION
Extent 366 pages :
300 ## - PHYSICAL DESCRIPTION
Other physical details illustrations ;
300 ## - PHYSICAL DESCRIPTION
Dimensions 23 cm.
500 ## - GENERAL NOTE
General note Includes index.
Holdings
Withdrawn status Lost status Damaged status Home library Current library Shelving location Date acquired Cost, normal purchase price Total Checkouts Full call number Barcode Date last seen Price effective from Koha item type
      South Mansfield College South Mansfield College   03/07/2005 1.00   MAIN HD 31 .U47 2004 c.2 SMC00612 05/23/2018 05/23/2018  

Product design and development /

APA

Ulrich K. T., .Product design and development. New York: .

Chicago

Ulrich Karl T, .Product design and development. New York: .

Harvard

Ulrich K. T., .Product design and development. New York: .

MLA

Ulrich Karl T, .New York: . .

  • Place hold
  • Print
  • Cite
  • Add to your cart (remove)
  • Save record
    BIBTEX Dublin Core MARCXML MARC (non-Unicode/MARC-8) MARC (Unicode/UTF-8) MARC (Unicode/UTF-8, Standard) MODS (XML) RIS
  • More searches
    Search for this title in:
    Other Libraries (WorldCat) Other Databases (Google Scholar) Online Stores (Bookfinder.com) Open Library (openlibrary.org)

Exporting to Dublin Core...

SOUTHVILLE LIBRARY

Southville International School and Colleges Library

1281 Tropical Ave. Cor. Luxembourg St., BF Homes International, Las Pinas City

Tel. No. 8256374 / 252358 Loc. 117/146

Powered by Koha